Tiempo crítico de liberación de fallas de las subestaciones del sistema eléctrico nacional, año 2004 y 2008

Сохранить в:
Библиографические подробности
Главный автор: Gutiérrez Vargas, Edgar Max
Другие авторы: Jara Castro, José Mario
Формат:
Опубликовано: Costa Rica 2003
Предметы:
Метки: Добавить метку
Нет меток, Требуется 1-ая метка записи!

MARC

LEADER 00000nam a2200000Ia 4500
003 009195
005 20221231144146.0
008 140114s2003 cr a m 000 ||s d
040 |c cru CEDI 
090 |a TFG 4735 
100 |a Gutiérrez Vargas, Edgar Max   |9 4088 
245 |a Tiempo crítico de liberación de fallas de las subestaciones del sistema eléctrico nacional, año 2004 y 2008 
260 |c 2003  |a  Costa Rica 
300 |a xii, 104 hojas, 2 hojas plegables : ilustraciones a color, 2 mapas color 
500 |a  Práctica dirigida (licenciatura en ingeniería eléctrica)--Universidad de Costa Rica. Facultad de Ingeniería. Escuela de Ingeniería Eléctrica 
650 |x INSTITUTO COSTARRICENSE DE ELECTRICIDAD   |x kSUBESTACIONES ELECTRICAS   |x ALTO VOLTAJE   |x DENSIDAD ELECTRICA   |x SISTEMAS DE ENERGIA ELECTRICA   |x  BASES DE DATOS   |x  COSTA RICA  |9 6920 
700 |9 6919  |a Jara Castro, José Mario  
942 |c TFG 
999 |c 17746  |d 17746